Vivir deprisa y empezar de nuevo / (Record no. 192999)

MARC details
000 -LEADER
campo de control de longitud fija 01524nam a2200373 i 4500
001 - NÚMERO DE CONTROL
campo de control 192999
003 - IDENTIFICADOR DE NÚMERO DE CONTROL
campo de control SpMaBN
005 - FECHA Y HORA DE LA ÚLTIMA TRANSACCIÓN
campo de control 20241004144404.0
007 - CAMPO FIJO DE DESCRIPCIÓN FÍSICA--INFORMACIÓN GENERAL
campo de control de longitud fija ta
008 - DATOS DE LONGITUD FIJA--INFORMACIÓN GENERAL
campo de control de longitud fija 230721s2022 sp | |||| 000 f spa
017 ## - NÚMERO DE COPYRIGHT O DE DEPÓSITO LEGAL
Número de copyright o de depósito legal AL 2849-2022
Agencia que asigna Oficina Depósito Legal Almería
020 ## - NÚMERO INTERNACIONAL ESTÁNDAR DEL LIBRO
Número Internacional Estándar del Libro 9788411553483
035 ## - NÚMERO DE CONTROL DEL SISTEMA
Número de control de sistema a7222340
040 ## - FUENTE DE CATALOGACIÓN
Centro catalogador/agencia de origen SpMaBN
Lengua de catalogación spa
Centro/agencia transcriptor SpMaBN
Normas de descripción rda
Centro/agencia modificador Es-MaACL
080 ## - NÚMERO DE LA CLASIFICACIÓN DECIMAL UNIVERSAL
Número de la Clasificación Decimal Universal 821.134.2-31"19"
100 ## - ENTRADA PRINCIPAL--NOMBRE DE PERSONA
Nombre de persona Álvarez Prieto, José Félix,
9 (RLIN) 233774
Fechas asociadas al nombre 1941-
Término indicativo de función/relación Autor
245 10 - MENCIÓN DEL TÍTULO
Título Vivir deprisa y empezar de nuevo /
Mención de responsabilidad, etc. José-Félix Álvarez Prieto.
250 ## - MENCION DE EDICION
Mención de edición Primera edición: octubre 2022
264 #1 - PRODUCCIÓN, PUBLICACIÓN, DISTRIBUCIÓN, FABRICACIÓN Y COPYRIGHT
Producción, publicación, distribución, fabricación y copyright [Roquetas de Mar] :
Nombre del de productor, editor, distribuidor, fabricante Círculo Rojo Editorial,
Fecha de producción, publicación, distribución, fabricación o copyright [2022]
300 ## - DESCRIPCIÓN FÍSICA
Extensión 631 páginas ;
Dimensiones 24 cm
336 ## - TIPO DE CONTENIDO
Término de tipo de contenido Texto
Fuente rdacontent
337 ## - TIPO DE MEDIO
Nombre/término del tipo de medio sin mediación
Fuente rdamedia
338 ## - TIPO DE SOPORTE
Nombre/término del tipo de soporte volumen
Fuente rdacarrier
500 ## - NOTA GENERAL
Nota general Catalogación provisional. Signatura: N 8695 y N 8696. Depósito J.
655 #7 - TERMINO DE INDIZACIÓN--GENERO/FORMA
Datos o término principal de género/forma Novelas de aprendizaje
Fuente del término tgfbne
9 (RLIN) 233775
852 ## - LOCALIZACIÓN
Ubicación ES-MaACL
Sublocalización o colección R.154477
Ubicación en estantería Depósito J
Número de control de estantería N-8695
Anotaciones manuscritas Dedicatoria manuscrita del autor
Donativo/Legado Donación: José Felix Alvarez Prieto
itemnumber 200304
Nota libre En proceso
852 ## - LOCALIZACIÓN
Ubicación ES-MaACL
Sublocalización o colección R.154477
Ubicación en estantería Depósito J
Número de control de estantería N-8696
Donativo/Legado Donación: José Félix Alvarez Prieto
itemnumber 200303
Nota libre En proceso
903 ## - NOMBRE PERSONAL DE DONANTE
a Álvarez Prieto, José Félix,
d 1941-
9 233774
e Donante
942 ## - ELEMENTOS DE ENTRADA SECUNDARIOS (KOHA)
Suprimir en OPAC No
Tipo de ítem Koha Libro impreso
Holdings
Estatus retirado Estado de pérdida Fuente del sistema de clasificación o colocación Estado de daño No para préstamo Biblioteca de origen Biblioteca actual Ubicación en estantería Fecha de adquisición Fuente de adquisición Número de control de estantería Total de préstamos Signatura topográfica completa Código de barras Visto por última vez Precio de reemplazo Tipo de ítem Koha Colección Nota pública
    Clasificación decimal universal     Biblioteca del Ateneo de Madrid Biblioteca del Ateneo de Madrid Depósito J 17/06/2023 Donación Ateneísta   N-8696 101205596 21/07/2023 21/07/2023 Libro impreso    
    Clasificación decimal universal     Biblioteca del Ateneo de Madrid Biblioteca del Ateneo de Madrid Depósito J 17/06/2023 Donación Ateneísta   N-8695 101205597 21/07/2023 21/07/2023 Libro impreso Libros con dedicatorias Dedicatoria autógrafa del autor